| 000 | 01019nam a2200217 i 4500 | ||
|---|---|---|---|
| 001 | 168745 | ||
| 003 | ES-MaACL | ||
| 005 | 20251220173918.0 | ||
| 008 | 080529s1984 sp |||| | spa d | ||
| 020 | _a84-7477-005-X | ||
| 080 | _a821.134.2.09"15/16"(063) | ||
| 111 | 2 |
_aSeminario Internacional sobre Literatura Española y Edad de Oro _n(3º. _d1983. _cMadrid) _9137831 |
|
| 245 | 1 | 0 |
_aEdad de Oro III _b: [III edición del Seminario sobre Literatura Española y Edad de Oro, celebrado en Madrid, del 2 al 7 de mayo de 1984]. |
| 260 |
_aMadrid : _bUniversidad Autónoma, Departamento de Literatura Española, _c[1984] |
||
| 300 |
_a309 p. ; _c24 cm. |
||
| 500 | _aSelección de ponencias del tercer seminario internacional Literatura española y edad de oro, Madrid, 1983. | ||
| 650 | 0 | 4 |
_aLiteratura española- _yS.XVI-XVII- _vCongresos y asambleas. _914569 |
| 710 | 0 |
_aUniversidad Autónoma de Madrid. _bDepartamento de Literatura Española. _97068 |
|
| 852 |
_aES-MaACL _jP-1628-3 |
||
| 999 |
_c168745 _d168745 |
||